NFL Team Receiving Leaders 2022 - Statistics

General Stats
  • This quiz has been taken 356 times
  • The average score is 81 of 158
Answer Stats
Player % Correct
Amon-Ra St. Brown
88%
Equanimeous St. Brown
88%
Ja’Marr Chase
87%
A.J. Brown
86%
JuJu Smith-Schuster
85%
Justin Jefferson
85%
Mark Andrews
85%
Marquise Brown
85%
Noah Brown
85%
DeVonta Smith
84%
Shi Smith
84%
Tre’Quan Smith
84%
Van Jefferson
84%
Travis Kelce
83%
Tyreek Hill
83%
Stefon Diggs
82%
Davante Adams
80%
Tee Higgins
80%
Donovan Peoples-Jones
78%
Joe Mixon
77%
Diontae Johnson
76%
Juwan Johnson
76%
Marvin Jones
76%
Mike Evans
76%
Zay Jones
76%
Mike Williams
75%
Amari Cooper
74%
Cooper Kupp
74%
Dalvin Cook
74%
CeeDee Lamb
73%
Keenan Allen
72%
Curtis Samuel
71%
Deebo Samuel
71%
Derrick Henry
71%
D.K. Metcalf
71%
Hunter Henry
71%
Jaylen Waddle
71%
Adam Thielen
70%
DeAndre Hopkins
70%
Chris Moore
69%
Corey Davis
69%
D.J. Moore
69%
Elijah Moore
69%
Gabriel Davis
69%
Rondale Moore
69%
Tyler Boyd
69%
George Kittle
68%
Jerry Jeudy
68%
Chris Godwin
67%
Christian McCaffrey
67%
Garrett Wilson
67%
Michael Pittman Jr.
66%
Najee Harris
66%
Terry McLaurin
66%
Christian Kirk
65%
T.J. Hockenson
65%
Tyler Lockett
65%
Chris Olave
64%
Nick Chubb
64%
Saquon Barkley
64%
Cole Kmet
63%
Logan Thomas
63%
Allen Robinson
62%
Dawson Knox
62%
Demarcus Robinson
62%
Christian Watson
61%
David Njoku
61%
Justin Watson
61%
Austin Ekeler
60%
Leonard Fournette
60%
Alvin Kamara
59%
Dalton Schultz
59%
Tony Pollard
59%
Brandon Aiyuk
58%
Darren Waller
58%
George Pickens
58%
Kyle Pitts
58%
Drake London
57%
Brandin Cooks
56%
Dallas Goedert
56%
Courtland Sutton
55%
Evan Engram
55%
Devin Singletary
53%
Hayden Hurst
52%
Josh Jacobs
52%
Mike Gesicki
51%
Travis Etienne
51%
Rashod Bateman
50%
Noah Fant
48%
Allen Lazard
47%
Darnell Mooney
47%
Chase Claypool
46%
Jelani Woods
46%
Raheem Mostert
46%
Robert Woods
46%
Tyler Higbee
46%
Zach Ertz
46%
Jakobi Meyers
45%
Pat Freiermuth
45%
Nico Collins
44%
Rhamondre Stevenson
44%
Darius Slayton
43%
Michael Gallup
42%
Antonio Gibson
41%
David Montgomery
41%
Jerick McKinnon
41%
K.J. Osborn
40%
Randall Cobb
40%
Romeo Doubs
39%
Isaiah Likely
38%
Marquez Valdes-Scantling
38%
Alec Pierce
36%
DJ Chark
36%
Gerald Everett
36%
Josh Palmer
36%
Robert Tonyan
36%
DeVante Parker
35%
Jahan Dotson
34%
Tyler Conklin
34%
Kenneth Gainwell
32%
Melvin Gordon
32%
Quez Watkins
32%
Jauan Jennings
31%
Devin Duvernay
30%
Treylon Burks
30%
Austin Hooper
29%
Michael Carter
28%
Josh Reynolds
27%
Cade Otton
26%
Kendrick Bourne
26%
Parris Campbell
25%
Isaiah McKenzie
24%
Isaiah Hodgins
23%
Mack Hollins
23%
Daniel Bellinger
22%
Olamide Zaccheaus
22%
Richie James
21%
Russell Gage
21%
Will Dissly
20%
Greg Dulcich
18%
Harrison Bryant
18%
Rashid Shaheed
18%
Foster Moreau
17%
Kalif Raymond
17%
Chigoziem Okonkwo
16%
Marquise Goodwin
15%
Terrace Marshall Jr.
14%
Greg Dortch
12%
Laviska Shenault
12%
Jordan Akins
11%
Damiere Byrd
9%
Ben Skowronek
7%
Dante Pettis
7%
Kylen Granson
7%
Trent Sherfield
7%
Kendall Hinton
6%
KhaDarel Hodge
5%
Phillip Dorsett
3%
No matching quizzes found
Score Distribution
Percent of People with Each Score
Percentile by Number Answered
Your Score History
You have not taken this quiz